000 00292nam a2200121 a 4500
008 101022s1971|||| d
100 1 _aIvanovič-Kuprin, Alexander
245 1 0 _aJama
260 _bSlovenský spisovateľ
_c1971
_aBratislava
020 _c19
041 _aslo
044 _axo
_cSK
999 _c12036
_d12036